|
|
|
|
| LEADER |
01605nam a22004094a 4500 |
| 001 |
EBC180383 |
| 003 |
MiAaPQ |
| 005 |
20200520144314.0 |
| 006 |
m o d | |
| 007 |
cr cn||||||||| |
| 008 |
990524s2000 enka sb 101 0 eng |
| 010 |
|
|
|z 99031669
|
| 020 |
|
|
|z 0415220564
|
| 020 |
|
|
|z 0415220572 (pbk.)
|
| 035 |
|
|
|a (MiAaPQ)EBC180383
|
| 035 |
|
|
|a (Au-PeEL)EBL180383
|
| 035 |
|
|
|a (CaPaEBR)ebr2002610
|
| 035 |
|
|
|a (CaONFJC)MIL6694
|
| 035 |
|
|
|a (OCoLC)437083064
|
| 040 |
|
|
|a MiAaPQ
|c MiAaPQ
|d MiAaPQ
|
| 050 |
|
4 |
|a HB3816.5
|b .P65 2000
|
| 082 |
0 |
4 |
|a 332/.095
|2 21
|
| 245 |
0 |
0 |
|a Politics and markets in the wake of the Asian crisis
|h [electronic resource] /
|c edited by Richard Robison ... [et al.].
|
| 260 |
|
|
|a London ;
|a New York :
|b Routledge,
|c 2000.
|
| 300 |
|
|
|a xv, 373 p. :
|b ill.
|
| 490 |
1 |
|
|a Asian capitalisms
|
| 500 |
|
|
|a This volume is an outcome of the proceedings of an international conference in August 1998, organized by the Asia Research Centre, and Yongsei University.
|
| 504 |
|
|
|a Includes bibliographical references and index.
|
| 533 |
|
|
|a Electronic reproduction. Ann Arbor, MI : ProQuest, 2015. Available via World Wide Web. Access may be limited to ProQuest affiliated libraries.
|
| 650 |
|
0 |
|a Financial crises
|z East Asia.
|
| 650 |
|
0 |
|a Capitalism
|z East Asia.
|
| 651 |
|
0 |
|a East Asia
|x Economic conditions.
|
| 655 |
|
4 |
|a Electronic books.
|
| 700 |
1 |
|
|a Robison, Richard,
|d 1943-
|
| 710 |
2 |
|
|a ProQuest (Firm)
|
| 830 |
|
0 |
|a Asian capitalisms.
|
| 856 |
4 |
0 |
|u https://ebookcentral.proquest.com/lib/matrademy/detail.action?docID=180383
|z Click to View
|